Atletico de Madrid Squad 2026 - Estadísticas

Estadísticas generales
  • Esta prueba ha sido intentada 56 veces
  • La puntuación promedio es 19 de 23
Estadísticas de respuestas
Hint Respuesta % Correcto
13 Jan Oblak
100%
1 Juan Musso
100%
19 Julián Álvarez
100%
7 Antoine Griezmann
98%
6 Koke Resurrección
98%
9 Alexander Sorloth
96%
16 Nahuel Molina
94%
14 Marcos Llorente
92%
10 Alex Baena
90%
8 Pablo Barrios
90%
24 Robin Le Normand
90%
18 Marc Pubill
88%
11 Thiago Almada
88%
2 Jose María Giménez
86%
22 Ademola Lookman
82%
17 David Hancko
82%
5 Johnny Cardoso
82%
3 Matteo Ruggeri
80%
20 Giuliano Simeone
78%
23 Nicolás González
76%
21 Obed Gómez Vargas
54%
15 Clement Lenglet
52%
4 Rodrigo Mendoza
46%
No se encontraron pruebas coincidentes
Distribución de puntuación
Porcentaje de gente con cada puntuación
Porcentaje por número respondido
Historial de tus puntuaciones
No has intentado esta prueba.